Statistics for Top 10 Phoenix Suns NBA Starters

Click here to take the quiz!

General Stats

  • This quiz has been taken 139 times
  • The average score is 15 of 36

Answer Stats

TeamPlayer% Correct
2004-05, 2005-06, 2009-10Steve Nash
99%
1992-93Charles Barkley
95%
2020-21Devin Booker
95%
2020-21Chris Paul
94%
2004-05, 2009-10Amar'e Stoudemire
86%
2020-21Deandre Ayton
86%
2004-05Joe Johnson
86%
1988-89, 1989-90, 1992-93Kevin Johnson
86%
2004-05Shawn Marion
80%
2020-21Mikal Bridges
73%
2020-21Jae Crowder
63%
1988-89, 1989-90Tom Chambers
53%
1978-79, 1983-84Walter Davis
53%
1992-93Dan Majerle
52%
1988-89, 1989-90, 1992-93Mark West
48%
2009-10Jason Richardson
42%
2004-05Quentin Richardson
42%
1975-76, 1978-79Paul Westphal
37%
1975-76, 1978-79Alvan Adams
33%
2009-10Grant Hill
32%
1988-89, 1989-90Jeff Hornacek
31%
1983-84Larry Nance
23%
2005-06Raja Bell
20%
2005-06Boris Diaw
18%
2005-06Kurt Thomas
14%
1992-93Richard Dumas
12%
2009-10Robin Lopez
11%
1975-76Curtis Perry
6%
1975-76, 1978-79Gar Heard
6%
1989-90Kurt Rambis
5%
1983-84Maurice Lucas
3%
1988-89Armen Gilliam
2%
1983-84James Edwards
2%
1975-76Ricky Sobers
2%
1978-79Don Buse
1%
1983-84Kyle Macy
0%

Score Distribution

Percentile by Number Answered

Percent of People with Each Score

Your Score History

You have not taken this quiz